Chemical Symbols In 15 Seconds - Statistics

General Stats
  • This quiz has been taken 86 times
  • The average score is 8 of 15
Answer Stats
Hint Answer % Correct
Cobalt Co
81%
Chromium Cr
78%
Iron Fe
78%
Copper Cu
75%
Antimony Sb
75%
Gold Au
72%
Nitrogen N
63%
Mercury Hg
56%
Potassium K
50%
Silver Ag
41%
Sodium Na
31%
Sulphur S
22%
Tin Sn
13%
Zinc Zn
13%
Xenon Xe
9%
No matching quizzes found
Score Distribution
Percent of People with Each Score
Percentile by Number Answered
Your Score History
You have not taken this quiz